LEADER 01355nam0-2200397li-450 001 990000141380203316 005 20180312154911.0 010 $a88-7192-016-3 035 $a0014138 035 $aUSA010014138 035 $a(ALEPH)000014138USA01 035 $a0014138 100 $a2001992101990-------y0itay0103----ba 101 0 $aita 102 $aIT 200 1 $aCaos e frattali$ematematica dei sistemi dinamici e applicazioni al calcolotore$fRobert L. Devaney$g[ traduzione di Giovanna Cerchioni] 210 $aMilano [etc.]$cAddison-Wesley$dcopyr. 1990 215 $a202 p.$cill.$d24 cm 300 $atrad di: chaos, fractals and dynamics : computer experiments in mathematics. 610 1 $afrattali 610 1 $amatematica applicata agli elaboratori el 610 1 $asistemi dinamici 676 $a515352$9Equazioni differenziali ordinarie 700 1$aDevaney,$bRobert L.$021043 801 $aSistema bibliotecario di Ateneo dell' Università di Salerno$gRICA 912 $a990000141380203316 951 $a515.352 DEV$b14115/CBS$c515.352$d00220839 959 $aBK 969 $aSCI 979 $c19921009 979 $c20001110$lUSA01$h1712 979 $c20020403$lUSA01$h1621 979 $aPATRY$b90$c20040406$lUSA01$h1610 979 $aRSIAV7$b90$c20090522$lUSA01$h1225 996 $aCaos e frattali$9125998 997 $aUNISA LEADER 03688nam 2200733 450 001 9910463640503321 005 20200520144314.0 010 $a3-11-048801-9 010 $a1-306-52918-2 010 $a3-11-026947-3 024 7 $a10.1515/9783110269475 035 $a(CKB)3390000000036806 035 $a(EBL)1157184 035 $a(SSID)ssj0001216022 035 $a(PQKBManifestationID)11728693 035 $a(PQKBTitleCode)TC0001216022 035 $a(PQKBWorkID)11180129 035 $a(PQKB)10925949 035 $a(MiAaPQ)EBC1157184 035 $a(DE-B1597)173816 035 $a(OCoLC)1002232694 035 $a(OCoLC)1004880101 035 $a(OCoLC)1011447056 035 $a(OCoLC)874319835 035 $a(OCoLC)979912212 035 $a(OCoLC)984657078 035 $a(OCoLC)987941933 035 $a(OCoLC)992489463 035 $a(OCoLC)999360112 035 $a(DE-B1597)9783110269475 035 $a(Au-PeEL)EBL1157184 035 $a(CaPaEBR)ebr10861367 035 $a(CaONFJC)MIL584169 035 $a(EXLCZ)993390000000036806 100 $a20140429h20142014 uy 0 101 0 $ager 135 $aur|n|---||||| 181 $ctxt 182 $cc 183 $acr 200 10$aHandbuch der Kardina?le $e1846-2012 /$fMartin Bra?uer 210 1$aBerlin, Germany ;$aBoston, Massachusetts :$cde Gruyter,$d2014. 210 4$d©2014 215 $a1 online resource (768 p.) 225 0 $aDe Gruyter Reference 300 $aDescription based upon print version of record. 311 $a3-11-037077-8 311 $a3-11-026944-9 320 $aIncludes bibliographical references and index. 327 $t Frontmatter -- $tGeleitwort von Erzbischof Dr. Robert Zollitsch -- $tVorwort -- $tInhalt -- $tZur Geschichte und Gegenwart des Kardinalskollegiums -- $tDie Kardinäle von Papst Pius IX. (1846-1878) -- $tDie Kardinäle von Papst Leo XIII. (1878-1903) -- $tDie Kardinäle von Papst Pius X. (1903-1914) -- $tDie Kardinäle von Papst Benedikt XV. (1914-1922) -- $tDie Kardinäle von Papst Pius XI. (1922-1939) -- $tDie Kardinäle von Papst Pius XII. (1939-1958) -- $tDie Kardinäle von Papst Johannes XXIII. (1958-1963) -- $tDie Kardinäle von Papst Paul VI. (1963-1978) -- $tDie Kardinäle von Papst Johannes Paul II. (1978-2005) -- $tDie Kardinäle von Papst Benedikt XVI. (2005-2013) -- $tGlossar wichtiger Begriffe und Einrichtungen -- $tVerwendete Literatur -- $tVerwendete Internetquellen -- $tPersonenregister 330 $aNach dem Papst ist das Kardinalskollegium die höchste Instanz der römisch-katholischen Kirche. Neben der Leitung der großen Diözesen der Weltkirche und der Leitung der Dikasterien der römischen Kurie obliegt ihm die Wahl eines neuen Papstes. Im Laufe seiner Geschichte hat das Kardinalskollegium vielfältige Veränderungen erfahren. Besonders in den letzten zweihundert Jahren wuchs die Zahl von ursprünglich höchstens 70 Kardinälen auf mittlerweile über 200 Kardinäle an und erfuhr eine starke Internationalisierung. Das vorliegende Werk bietet neben Einführungen in die Geschichte und Gegenwart sowie Aufgaben und Bedeutung des Kardinalskollegiums die Biographien aller von 1846 bis 2012 ernannten Kardinäle und zeichnet so die Veränderungen und Wandlungen dieses einzigartigen Kollegiums nach. 606 $aCardinals$vBiography 608 $aElectronic books. 615 0$aCardinals 676 $a282.092/2 686 $aBO 1110$2rvk 700 $aBra?uer$b Martin$f1962-$01056025 801 0$bMiAaPQ 801 1$bMiAaPQ 801 2$bMiAaPQ 906 $aBOOK 912 $a9910463640503321 996 $aHandbuch der Kardina?le$92490048 997 $aUNINA LEADER 01009nam a2200301 i 4500 001 991000643999707536 005 20020507171658.0 008 950606s1977 fr ||| | fre 020 $a2712407016 035 $ab10737200-39ule_inst 035 $aLE01300054$9ExL 040 $aDip.to Matematica$beng 082 0 $a516.04 084 $aAMS 51-01 084 $aAMS 51-XX 100 1 $aBerger, Marcel$0440912 245 10$aAction de groupes espaces affines et projectifs /$cMarcel Berger 250 $a2e éd. rev. et corr 260 $aParis :$bCEDIC,$c1977 300 $a199 p. ;$c24 cm. 490 0 $aGéométrie ;$v1 650 4$aGeometry 907 $a.b10737200$b23-02-17$c28-06-02 912 $a991000643999707536 945 $aLE013 51-XX BER11 V.I (1977)$cV. 1$g1$i2013000114262$lle013$o-$pE0.00$q-$rl$s- $t0$u1$v0$w1$x0$y.i10827407$z28-06-02 996 $aAction de groupes espaces affines et projectifs$9911100 997 $aUNISALENTO 998 $ale013$b01-01-95$cm$da $e-$ffre$gfr $h0$i1